№ 2 (38); Вопросы радиолокационной техники

Détails bibliographiques
Parent link:Вопросы радиолокационной техники: сборники переводов и рефератов иностранной периодической литературы. № 2 (38).— , 1951-1958
Langue:russe
Publié: 1957
Format: MixedMaterials Livre
KOHA link:https://koha.lib.tpu.ru/cgi-bin/koha/opac-detail.pl?biblionumber=518357

MARC

LEADER 00000nam2a2200000 4500
001 518357
005 20231101105849.0
035 |a (RuTPU)RU\TPU\prd\197014 
035 |a RU\TPU\prd\197013 
090 |a 518357 
100 |a 20131016a19511958k y0rusy50 ca 
101 0 |a rus 
102 |a RU 
200 0 |a № 2 (38) 
210 |d 1957 
461 1 |0 (RuTPU)RU\TPU\prd\94  |t Вопросы радиолокационной техники  |o сборники переводов и рефератов иностранной периодической литературы  |v № 2 (38)  |d 1951-1958 
801 0 |a RU  |b 63413507  |c 20010227  |g PSBO 
801 1 |a RU  |b 63413507  |c 20020528  |g PSBO 
801 2 |a RU  |b 63413507  |c 20131017  |g RCR 
942 |c BK 
999 |a НТБ_ТПУ  |b НФ  |e -14/20131007  |p П-5674  |u 0,00  |v 1